| 000 | 01852nam a2200277Ia 4500 | ||
|---|---|---|---|
| 999 |
_c34418 _d34418 |
||
| 001 | 143 | ||
| 003 | GE_BSU | ||
| 005 | 20210203131631.0 | ||
| 008 | 181216s2008||||ge |||||||||||||| ||geo|| | ||
| 040 | _cGE_BSU | ||
| 041 | _ageo | ||
| 080 | _a612.61 ხ–71 | ||
| 100 |
_aხომასურიძე, არჩილ _910082 |
||
| 245 |
_aრეპროდუქციული ფუნქციის ნეიროენდოკრინული რეგულაცია : _b [სახელმძღვ.] / _cავტ.: არჩილ ხომასურიძე, ნინო მაისურაძე ; რედკოლ.: შალვა ჯანგავაძე, მანანა ღონღაძე]. |
||
| 264 |
_aთბილისი : _bგამომცემლობა ,,სახალხო აფთიაქი'', _c2008. |
||
| 300 |
_a194 გვ. _bსურ. + 2 ჩართ. ფ. რეკლამა |
||
| 520 | _aეძღვნება ი. ჟორდანიას სახ. ადამიანის რეპროდუქციის ს/კ ინ-ტის 50 წლისთავს | ||
| 541 | _h20 ლ. | ||
| 653 | _aკაცის სასქესო ორგანოების ფიზიოლოგია | ||
| 653 | _aფიზიოლოგიური პროცესების ასაკობრივი ცვლილებები | ||
| 653 | _aქალის სასქესო ორგანოების ფიზიოლოგია | ||
| 700 |
_aმაისურაძე ნინო _eავტორი _910083 |
||
| 700 |
_aჯანგავაძე, შალვა _eრედაქტორი _910084 |
||
| 700 |
_aღონღაძე, მანანა _eრედაქტორი _910085 |
||
| 942 |
_cBK _2udc |
||